Resimli Türkiye Florası = Illustrated flora of Turkey (Record no. 3448)

MARC details
000 -BAŞLIK
Sabit Uzunlukta Kontrol Alanı 01072na a2200301 4500
001 - KONTROL NUMARASI
Denetim Alanı 24346
003 - KONTROL NUMARASI IDENTIFIER
Denetim Alanı MIRAKIL
005 - SON İŞLEM TARİHİ VE ZAMANI
Denetim Alanı 20181213154931.0
008 - SABİT-BOY VERİ ELEMANLARI - GENEL BİLGİLER
Sabit Uzunlukta Kontrol Alanı 180919b tu 000 0
020 ## - ULUSLARARASI STANDART KİTAP NUMARASI
Uluslararası Standart Kitap Numarası 9786053322207
040 ## - KATALOGLAMA KAYNAK
Orijinal Kataloglama Ajansı Milas
Kataloglama Dili tur
Metne Dönüştürmek Ajansı TR-AnCHP
041 ## - DİL KODU
Metin / Ses Parça Veya Ayrı Başlığın Dil Kodu tur
082 ## - DEWEY ONLU SINIFLANDIRMA NUMARASI
Sınıflandırma Numarası 581.9561
Ürün Numarası R37 2014
090 ## - SINIFLAMA NUMARASI
Sınıflama Numarası 581.9561 R37 2014
245 ## - BAŞLIK TABLOSU
Başlık Resimli Türkiye Florası = Illustrated flora of Turkey
Sorumluluk Tablosu, Vb editör: Adil Güner ; cilt editörü: Tuna Ekim ; yazarlar: Adnan Erdağ ...[ve öte.]
260 ## - YAYIN, DAĞITIM, VB
Yayın, Dağıtım, Vb Yeri İstanbul
Yayıncı, Dağıtıcı, Vs Adı Türkiye İş Bankası Kültür Yayınları
Yayın, Dağıtım, Vb Tarihi 2014
300 ## - FİZİKSEL TANIM
Kapsam c.<1> x, 763 s.
Diğer Fiziksel Ayrıntıları rnk. res., hrt., şkl., tbl.
Boyutlar 29 sm.
440 ## - SERİSİ TABLOSU / KATMA GİRİŞİ - BAŞLIK
Başlık Nezahat Gökyiğit Botanik Bahçesi yayınları
440 ## - SERİSİ TABLOSU / KATMA GİRİŞİ - BAŞLIK
Başlık Türkiye İş Bankası Kültür Yayınları
Hacim / Ardışık Tanımı genel yayın: 3090
490 ## - SERİSİ TABLOSU
Seri Beyanı Flora Dizisi
Hacim / Ardışık Tanımı 2
504 ## - KAYNAKÇA VB NOT
Kaynakça Vb Notu Kaynakça ve dizin var.
650 ## - KONU KATMA GİRİŞ - TOPİKAL DÖNEM
Topikal Süreli Veya Coğrafi Ad Giriş Elemanı Bitki örtüsü
Genel Alt Bölümü Tarih
Coğrafi Alt Bölümü Türkiye
650 ## - KONU KATMA GİRİŞ - TOPİKAL DÖNEM
Topikal Süreli Veya Coğrafi Ad Giriş Elemanı Bitki bilimi (Botanik)
Genel Alt Bölümü Türkiye
700 ## - KATMA GİRİŞ - KİŞİSEL İSİM
Kişisel Ad Erdağ, Adnan
700 ## - KATMA GİRİŞ - KİŞİSEL İSİM
Kişisel Ad Ekim, Tuna
Relator Terim ed.
700 ## - KATMA GİRİŞ - KİŞİSEL İSİM
Kişisel Ad Güner, Adil
Relator Terim ed.
942 ## - EKLENDİ GİRİŞ ELEMANLARI (KOHA)
Sınıflandırma Veya Raf Düzeni Kaynak Dewey Decimal Classification
Koha Öğesi Türü Books
999 ## - SİSTEM KONTROL NUMARALARI (KOHA)
Koha Biblionumber 3448
Koha Biblioitemnumber 3448
Holdings
Kalıcı Konum Mevcut Konum Edinme Tarihi Edinim Kaynak Toplam Check-Out'Lar Tam Çağrı Numarası Barkod Tarih Son Görülme İtibaren Geçerli Fiyatlar Koha Öğesi Türü
CHP Kütüphanesi CHP Kütüphanesi 09/19/2018 Bağış   581.9561 R37 2014 006976 09/19/2018 09/19/2018 Books